Catálogo de pintura y dibujo del 'Cau Ferrat' (Fundación Rusiñol), Sitges
Descripción Física:
67 p., 2 f. pleg., [24] p. de làm ; 17 cm
MARC
| LEADER | 00000nam a2200000Ia 4500 | ||
|---|---|---|---|
| 001 | 8168 | ||
| 008 | 160829s1942 xx 000 0 cat d | ||
| 080 | |a B-1-238 | ||
| 245 | |a Catálogo de pintura y dibujo del 'Cau Ferrat' (Fundación Rusiñol), Sitges | ||
| 260 | |a Barcelona : |b (Casa Provincial de Caridad, Imprenta - Escuela), |c 1942 | ||
| 300 | |a 67 p., 2 f. pleg., [24] p. de làm ; |c 17 cm | ||
| 490 | |a Publicaciones de la Junta de Museos de Barcelona | ||
| 590 | |a A la part superior de la portada: Diputación Provincial de Barcelona. | ||
| 590 | |a Índex | ||
| 650 | |a Cau Ferrat (Museu) |x Catàlegs |9 28469 | ||
| 650 | |a Pintura |x Sitges |x Catàlegs |9 28472 | ||
| 650 | |a Dibuix |x Sitges |x Catàlegs I |9 28473 | ||
| 650 | |a Gravat |x Sitges |x Catàlegs |9 28474 | ||
| 650 | |a Litografia |x Sitges |x Catàlegs |9 28475 | ||
| 650 | |a Xilografia |x Sitges |x Catàlegs |9 28476 | ||
| 710 | 1 | |a Barcelona (Catalunya : Província). |b Diputació |9 52408 | |
| 710 | 2 | |a Junta de Museus de Barcelona |9 54561 | |
| 901 | |a Arxiu | ||
| 942 | |n 1 | ||
| 952 | |0 0 |1 0 |4 0 |6 B1238 |7 1 |9 44828 |a Arxiu |b Arxiu |d 2016-12-01 |l 0 |o B-1-238 |p 8168 |r 2016-12-01 00:00:00 |w 2016-12-01 |y ARXIU | ||
| 999 | |c 47426 |d 47426 | ||